All 10k+ Cities in Poland - Statistics

General Stats
  • This quiz has been taken 116 times
    65 since last reset
  • The average score is 113 of 399
Answers on the Map
Answers color-coded by a green-red scale on the quiz's map according to % correct below.
 
Answer Stats
Voivodeships Population Answer % Correct
Pomorskie 486022 Gdańsk
83%
Mazowieckie 1860281 Warszawa
81%
Dolnośląskie 672929 Wrocław
81%
Śląskie 285711 Katowice
78%
Małopolskie 800653 Kraków
78%
Łódzkie 670642 Łódź
78%
Podlaskie 294242 Białystok
75%
Pomorskie 245222 Gdynia
75%
Lubelskie 334681 Lublin
75%
Wielkopolskie 546859 Poznań
75%
Zachodniopomorskie 396168 Szczecin
72%
Śląskie 213107 Częstochowa
69%
Warmińsko-Mazurskie 170225 Olsztyn
69%
Opolskie 127387 Opole
69%
Mazowieckie 201601 Radom
69%
Podkarpackie 195871 Rzeszów
67%
Kujawsko-Pomorskie 198273 Toruń
67%
Lubuskie 119964 Gorzów Wielkopolski
64%
Kujawsko-Pomorskie 337666 Bydgoszcz
61%
Lubelskie 59546 Chełm
61%
Warmińsko-Mazurskie 115220 Elbląg
61%
Śląskie 174016 Gliwice
61%
Wielkopolskie 65452 Gniezno
61%
Świętokrzyskie 186894 Kielce
61%
Dolnośląskie 94878 Legnica
61%
Wielkopolskie 71735 Piła
61%
Mazowieckie 76357 Siedlce
61%
Lubuskie 140002 Zielona Góra
61%
Dolnośląskie 77305 Jelenia Góra
58%
Dolnośląskie 70016 Lubin
58%
Mazowieckie 114594 Płock
58%
Podlaskie 69229 Suwałki
58%
Śląskie 124882 Tychy
58%
Małopolskie 25770 Zakopane
58%
Śląskie 169089 Bielsko-Biała
56%
Wielkopolskie 95905 Kalisz
56%
Wielkopolskie 69858 Konin
56%
Podlaskie 60848 Łomża
56%
Małopolskie 81281 Nowy Sącz
56%
Podkarpackie 58408 Przemyśl
56%
Śląskie 193660 Sosnowiec
56%
Dolnośląskie 104401 Wałbrzych
56%
Kujawsko-Pomorskie 104705 Włocławek
56%
Lubelskie 60148 Zamość
56%
Śląskie 153274 Bytom
53%
Warmińsko-Mazurskie 60390 Ełk
53%
Wielkopolskie 20380 Koło
53%
Zachodniopomorskie 105883 Koszalin
53%
Śląskie 133772 Rybnik
53%
Pomorskie 32962 Sopot
53%
Małopolskie 106259 Tarnów
53%
Śląskie 158307 Zabrze
53%
Kujawsko-Pomorskie 69576 Inowrocław
50%
Zachodniopomorskie 44340 Kołobrzeg
50%
Wielkopolskie 61791 Leszno
50%
Podkarpackie 58213 Mielec
50%
Małopolskie 36956 Oświęcim
50%
Pomorskie 87660 Słupsk
50%
Pomorskie 57990 Tczew
50%
Opolskie 34492 Brzeg
47%
Śląskie 104193 Chorzów
47%
Dolnośląskie 64261 Głogów
47%
Kujawsko-Pomorskie 90890 Grudziądz
47%
Pomorskie 37635 Malbork
47%
Wielkopolskie 70725 Ostrów Wielkopolski
47%
Mazowieckie 65283 Pruszków
47%
Śląskie 51257 Racibórz
47%
Śląskie 133793 Ruda Śląska
47%
Śląskie 61823 Żory
47%
Śląskie 116930 Dąbrowa Górnicza
44%
Mazowieckie 49805 Ostrołęka
44%
Podlaskie 29494 Augustów
42%
Lubelskie 55429 Biała Podlaska
42%
Śląskie 85050 Jastrzębie-Zdrój
42%
Mazowieckie 53216 Legionowo
42%
Mazowieckie 44524 Otwock
42%
Łódzkie 68978 Piotrków Trybunalski
42%
Zachodniopomorskie 67348 Stargard
42%
Podkarpackie 44901 Tarnobrzeg
42%
Dolnośląskie 29966 Zgorzelec
42%
Lubelskie 16832 Hrubieszów
39%
Podkarpackie 36303 Jarosław
39%
Opolskie 56931 Kędzierzyn-Koźle
39%
Opolskie 42151 Nysa
39%
Świętokrzyskie 64796 Ostrowiec Świętokrzyski
39%
Zachodniopomorskie 40204 Świnoujście
39%
Łódzkie 59388 Tomaszów Mazowiecki
39%
Pomorskie 47357 Wejherowo
39%
Mazowieckie 43740 Ząbki
39%
Dolnośląskie 25717 Kłodzko
36%
Lubelskie 20494 Lubartów
36%
Mazowieckie 42252 Marki
36%
Mazowieckie 40467 Mińsk Mazowiecki
36%
Śląskie 72553 Mysłowice
36%
Łódzkie 62954 Pabianice
36%
Lubelskie 45267 Puławy
36%
Łódzkie 46437 Skierniewice
36%
Łódzkie 22148 Aleksandrów Łódzki
33%
Śląskie 33958 Cieszyn
33%
Podkarpackie 45057 Krosno
33%
Lubelskie 27906 Łuków
33%
Mazowieckie 30919 Mława
33%
Małopolskie 33273 Nowy Targ
33%
Mazowieckie 51945 Piaseczno
33%
Pomorskie 10868 Puck
33%
Łódzkie 44441 Radomsko
33%
Śląskie 64676 Siemianowice Śląskie
33%
Łódzkie 40014 Sieradz
33%
Podkarpackie 57620 Stalowa Wola
33%
Lubelskie 37884 Świdnik
33%
Śląskie 61288 Tarnowskie Góry
33%
Lubelskie 18567 Tomaszów Lubelski
33%
Mazowieckie 11993 Węgrów
33%
Mazowieckie 36311 Wołomin
33%
Łódzkie 55079 Zgierz
33%
Śląskie 55695 Będzin
31%
Łódzkie 54338 Bełchatów
31%
Podlaskie 24633 Bielsk Podlaski
31%
Dolnośląskie 37559 Bolesławiec
31%
Warmińsko-Mazurskie 28233 Giżycko
31%
Małopolskie 26405 Gorlice
31%
Mazowieckie 33708 Grodzisk Mazowiecki
31%
Podlaskie 19667 Hajnówka
31%
Warmińsko-Mazurskie 32664 Iława
31%
Dolnośląskie 21494 Jawor
31%
Śląskie 88998 Jaworzno
31%
Lubelskie 32593 Kraśnik
31%
Łódzkie 42255 Kutno
31%
Pomorskie 37768 Kwidzyn
31%
Pomorskie 34500 Lębork
31%
Wielkopolskie 33024 Luboń
31%
Mazowieckie 22013 Ostrów Mazowiecka
31%
Śląskie 53017 Piekary Śląskie
31%
Pomorskie 28190 Reda
31%
Świętokrzyskie 22189 Sandomierz
31%
Podkarpackie 35546 Sanok
31%
Mazowieckie 34439 Sochaczew
31%
Lubuskie 21399 Świebodzin
31%
Łódzkie 21270 Wieluń
31%
Lubelskie 12500 Włodawa
31%
Podlaskie 21351 Zambrów
31%
Lubuskie 36004 Żary
31%
Śląskie 30334 Żywiec
31%
Dolnośląskie 16647 Bogatynia
28%
Kujawsko-Pomorskie 18837 Chełmno
28%
Pomorskie 39275 Chojnice
28%
Małopolskie 35091 Chrzanów
28%
Mazowieckie 42705 Ciechanów
28%
Śląskie 35261 Czechowice-Dziedzice
28%
Podkarpackie 44047 Dębica
28%
Mazowieckie 17279 Garwolin
28%
Opolskie 12100 Głubczyce
28%
Zachodniopomorskie 20297 Gryfino
28%
Podkarpackie 33830 Jasło
28%
Śląskie 12513 Kłobuck
28%
Opolskie 22703 Kluczbork
28%
Śląskie 13098 Kozy
28%
Łódzkie 26928 Łowicz
28%
Opolskie 16942 Namysłów
28%
Mazowieckie 28651 Nowy Dwór Mazowiecki
28%
Warmińsko-Mazurskie 32052 Ostróda
28%
Mazowieckie 21800 Płońsk
28%
Zachodniopomorskie 30623 Police
28%
Pomorskie 31582 Pruszcz Gdański
28%
Śląskie 25565 Pszczyna
28%
Podlaskie 13782 Siemiatycze
28%
Świętokrzyskie 43067 Skarżysko-Kamienna
28%
Lubuskie 16495 Słubice
28%
Wielkopolskie 24225 Środa Wielkopolska
28%
Świętokrzyskie 46270 Starachowice
28%
Pomorskie 46373 Starogard Gdański
28%
Opolskie 17512 Strzelce Opolskie
28%
Zachodniopomorskie 38446 Szczecinek
28%
Warmińsko-Mazurskie 22389 Szczytno
28%
Małopolskie 26599 Wieliczka
28%
Śląskie 10887 Wisła
28%
Śląskie 45949 Wodzisław Śląski
28%
Śląskie 47689 Zawiercie
28%
Warmińsko-Mazurskie 16480 Braniewo
25%
Kujawsko-Pomorskie 28865 Brodnica
25%
Warmińsko-Mazurskie 13378 Gołdap
25%
Podlaskie 21395 Grajewo
25%
Mazowieckie 17037 Grójec
25%
Świętokrzyskie 14592 Jędrzejów
25%
Pomorskie 14204 Kartuzy
25%
Mazowieckie 16192 Kozienice
25%
Lubelskie 17855 Krasnystaw
25%
Podkarpackie 17768 Łańcut
25%
Dolnośląskie 20096 Lubań
25%
Śląskie 23660 Lubliniec
25%
Małopolskie 11215 Miechów
25%
Warmińsko-Mazurskie 21325 Mrągowo
25%
Kujawsko-Pomorskie 17620 Nakło nad Notecią
25%
Wielkopolskie 17629 Oborniki
25%
Podkarpackie 14881 Przeworsk
25%
Mazowieckie 19327 Pułtusk
25%
Pomorskie 51879 Rumia
25%
Mazowieckie 17308 Sierpc
25%
Podlaskie 17616 Sokółka
25%
Wielkopolskie 28835 Śrem
25%
Dolnośląskie 54792 Świdnica
25%
Śląskie 46494 Świętochłowice
25%
Wielkopolskie 25376 Turek
25%
Kujawsko-Pomorskie 11719 Aleksandrów Kujawski
22%
Warmińsko-Mazurskie 22281 Bartoszyce
22%
Zachodniopomorskie 23142 Białogard
22%
Lubelskie 25459 Biłgoraj
22%
Małopolskie 28946 Bochnia
22%
Świętokrzyskie 15014 Busko-Zdrój
22%
Wielkopolskie 10370 Czarnków
22%
Małopolskie 11549 Dąbrowa Tarnowska
22%
Lubelskie 14791 Dęblin
22%
Warmińsko-Mazurskie 20670 Działdowo
22%
Dolnośląskie 31866 Dzierżoniów
22%
Zachodniopomorskie 22166 Goleniów
22%
Dolnośląskie 11173 Góra
22%
Lubelskie 11308 Janów Lubelski
22%
Warmińsko-Mazurskie 26174 Kętrzyn
22%
Małopolskie 18067 Kęty
22%
Świętokrzyskie 18201 Końskie
22%
Wielkopolskie 24022 Kościan
22%
Podkarpackie 13164 Leżajsk
22%
Warmińsko-Mazurskie 14878 Lidzbark Warmiński
22%
Podkarpackie 11619 Lubaczów
22%
Lubuskie 17400 Międzyrzecz
22%
Dolnośląskie 11025 Milicz
22%
Śląskie 30415 Myszków
22%
Warmińsko-Mazurskie 13052 Nidzica
22%
Podkarpackie 14874 Nisko
22%
Lubuskie 36843 Nowa Sól
22%
Dolnośląskie 33268 Oława
22%
Dolnośląskie 35856 Oleśnica
22%
Małopolskie 33462 Olkusz
22%
Opolskie 19747 Prudnik
22%
Łódzkie 16429 Rawa Mazowiecka
22%
Mazowieckie 18526 Sokołów Podlaski
22%
Wielkopolskie 31986 Września
22%
Mazowieckie 26349 Wyszków
22%
Lubuskie 24424 Żagań
22%
Łódzkie 39846 Zduńska Wola
22%
Wielkopolskie 18768 Złotów
22%
Mazowieckie 39374 Żyrardów
22%
Małopolskie 19203 Andrychów
19%
Śląskie 19100 Bieruń
19%
Mazowieckie 12152 Błonie
19%
Pomorskie 16739 Bytów
19%
Kujawsko-Pomorskie 14045 Chełmża
19%
Zachodniopomorskie 13081 Darłowo
19%
Wielkopolskie 20210 Gostyń
19%
Mazowieckie 17624 Gostynin
19%
Zachodniopomorskie 15863 Gryfice
19%
Wielkopolskie 26565 Jarocin
19%
Mazowieckie 21035 Józefów
19%
Śląskie 36498 Knurów
19%
Pomorskie 23723 Kościerzyna
19%
Lubuskie 17899 Kostrzyn nad Odrą
19%
Wielkopolskie 28704 Krotoszyn
19%
Małopolskie 10001 Krynica-Zdrój
19%
Łódzkie 16576 Łask
19%
Małopolskie 14635 Limanowa
19%
Wielkopolskie 10288 Międzychód
19%
Lubelskie 15830 Międzyrzec Podlaski
19%
Kujawsko-Pomorskie 11453 Mogilno
19%
Małopolskie 18051 Myślenice
19%
Zachodniopomorskie 10649 Myślibórz
19%
Warmińsko-Mazurskie 10492 Nowe Miasto Lubawskie
19%
Łódzkie 19738 Opoczno
19%
Lubelskie 10519 Parczew
19%
Warmińsko-Mazurskie 18245 Pisz
19%
Dolnośląskie 21786 Polkowice
19%
Lubelskie 14806 Radzyń Podlaski
19%
Podkarpackie 15815 Ropczyce
19%
Małopolskie 24177 Skawina
19%
Zachodniopomorskie 12028 Sławno
19%
Wielkopolskie 13353 Słupca
19%
Świętokrzyskie 14158 Staszów
19%
Kujawsko-Pomorskie 24796 Świecie
19%
Małopolskie 19134 Trzebinia
19%
Dolnośląskie 13631 Trzebnica
19%
Kujawsko-Pomorskie 13408 Tuchola
19%
Pomorskie 14321 Ustka
19%
Małopolskie 17905 Wadowice
19%
Wielkopolskie 25773 Wągrowiec
19%
Zachodniopomorskie 24167 Wałcz
19%
Warmińsko-Mazurskie 10879 Węgorzewo
19%
Wielkopolskie 12504 Wolsztyn
19%
Wielkopolskie 10918 Wronki
19%
Dolnośląskie 14578 Ząbkowice Śląskie
19%
Mazowieckie 18219 Zielonka
19%
Kujawsko-Pomorskie 13523 Żnin
19%
Małopolskie 16193 Brzesko
17%
Łódzkie 12117 Brzeziny
17%
Dolnośląskie 12769 Chojnów
17%
Zachodniopomorskie 14399 Choszczno
17%
Śląskie 30681 Czeladź
17%
Pomorskie 13343 Człuchów
17%
Opolskie 13143 Głuchołazy
17%
Kujawsko-Pomorskie 11722 Golub-Dobrzyń
17%
Wielkopolskie 15131 Grodzisk Wielkopolski
17%
Lubuskie 16114 Gubin
17%
Wielkopolskie 13951 Kępno
17%
Lubelskie 18234 Łęczna
17%
Śląskie 16530 Lędziny
17%
Kujawsko-Pomorskie 13752 Lipno
17%
Śląskie 41266 Mikołów
17%
Warmińsko-Mazurskie 13317 Morąg
17%
Małopolskie 15697 Niepołomice
17%
Wielkopolskie 14116 Nowy Tomyśl
17%
Warmińsko-Mazurskie 16076 Olecko
17%
Mazowieckie 23281 Piastów
17%
Świętokrzyskie 10078 Pińczów
17%
Wielkopolskie 16872 Pleszew
17%
Mazowieckie 16662 Przasnysz
17%
Małopolskie 12468 Rabka-Zdrój
17%
Mazowieckie 14314 Radzymin
17%
Wielkopolskie 20305 Rawicz
17%
Kujawsko-Pomorskie 15832 Rypin
17%
Kujawsko-Pomorskie 15458 Solec Kujawski
17%
Mazowieckie 21248 Sulejówek
17%
Wielkopolskie 18709 Szamotuły
17%
Śląskie 16118 Ustroń
17%
Lubuskie 13533 Wschowa
17%
Zachodniopomorskie 13339 Barlinek
14%
Dolnośląskie 28896 Bielawa
14%
Warmińsko-Mazurskie 10163 Biskupiec
14%
Wielkopolskie 18044 Chodzież
14%
Kujawsko-Pomorskie 10415 Ciechocinek
14%
Śląskie 27014 Czerwionka-Leszczyny
14%
Zachodniopomorskie 13291 Dębno
14%
Zachodniopomorskie 11515 Drawsko Pomorskie
14%
Dolnośląskie 17998 Kamienna Góra
14%
Mazowieckie 27185 Kobyłka
14%
Mazowieckie 17157 Konstancin-Jeziorna
14%
Łódzkie 18960 Konstantynów Łódzki
14%
Opolskie 15786 Krapkowice
14%
Lubuskie 10905 Krosno Odrzańskie
14%
Podlaskie 14790 Łapy
14%
Łódzkie 13478 Łęczyca
14%
Wielkopolskie 14511 Mosina
14%
Dolnośląskie 21264 Nowa Ruda
14%
Wielkopolskie 14036 Ostrzeszów
14%
Mazowieckie 14375 Ożarów Mazowiecki
14%
Podkarpackie 12313 Sędziszów Małopolski
14%
Wielkopolskie 29295 Swarzędz
14%
Zachodniopomorskie 14937 Świdwin
14%
Wielkopolskie 16831 Trzcianka
14%
Mazowieckie 14448 Brwinów
11%
Podkarpackie 10232 Głogów Małopolski
11%
Łódzkie 12396 Koluszki
11%
Kujawsko-Pomorskie 10974 Koronowo
11%
Mazowieckie 18124 Łomianki
11%
Warmińsko-Mazurskie 10626 Lubawa
11%
Mazowieckie 16490 Milanówek
11%
Zachodniopomorskie 16102 Nowogard
11%
Łódzkie 18721 Ozorków
11%
Warmińsko-Mazurskie 12074 Pasłęk
11%
Mazowieckie 16779 Pionki
11%
Zachodniopomorskie 12041 Pyrzyce
11%
Śląskie 17394 Pyskowice
11%
Dolnośląskie 22219 Świebodzice
11%
Kujawsko-Pomorskie 13317 Wąbrzeźno
11%
Mazowieckie 12003 Warka
11%
Zachodniopomorskie 12373 Złocieniec
11%
Dolnośląskie 14656 Złotoryja
11%
Dolnośląskie 14648 Boguszów-Gorce
8%
Dolnośląskie 12765 Brzeg Dolny
8%
Małopolskie 11049 Brzeszcze
8%
Łódzkie 13506 Głowno
8%
Mazowieckie 11887 Góra Kalwaria
8%
Dolnośląskie 15380 Jelcz-Laskowice
8%
Dolnośląskie 10217 Kowary
8%
Śląskie 21592 Łaziska Górne
8%
Małopolskie 16385 Libiąż
8%
Wielkopolskie 10247 Murowana Goślina
8%
Śląskie 16253 Radzionków
8%
Dolnośląskie 15371 Strzegom
8%
Dolnośląskie 12131 Strzelin
8%
Mazowieckie 10959 Szydłowiec
8%
Mazowieckie 14809 Józefosław
6%
Wielkopolskie 10996 Komorniki
6%
Lubuskie 13240 Lubsko
6%
Podkarpackie 10647 Nowa Dęba
6%
Śląskie 21631 Orzesze
6%
Śląskie 13295 Pszów
6%
Śląskie 17206 Radlin
6%
Wielkopolskie 10959 Rogoźno
6%
Śląskie 20749 Rydułtowy
6%
Śląskie 13814 Skoczów
6%
Lubuskie 11068 Szprotawa
6%
Podlaskie 12147 Wasilków
6%
Dolnośląskie 12275 Wołów
6%
Opolskie 10380 Zdzieszowice
6%
Mazowieckie 10979 Jabłonna
3%
Dolnośląskie 10569 Kiełczów
3%
Wielkopolskie 14162 Plewiska
3%
Pomorskie 10821 Straszyn
3%
Lubuskie 16063 Sulechów
3%
Dolnośląskie 10102 Syców
3%
Wielkopolskie 11598 Koziegłowy
0%
No matching quizzes found
Score Distribution
Percent of People with Each Score
Percentile by Number Answered
Your Score History
You have not taken this quiz since the last reset